000 01225nam a2200301 4500
003 EG-GICUC
005 20260121101451.0
008 251211s1960 ua ||||fr|||| 001 0 ara d
040 _a EG-GICUC
_bara
_c EG-GICUC
_d EG-GICUC
_erda
041 0 _aara
082 0 4 _221
_a341.8
_bع ب . ق
092 0 4 _221
099 _aLaw1 12 341.8 ع ب . ق 1960
100 0 _aعبدالحميد ابوهيف
_eمؤلف.
245 1 2 _aالقانون الدولى الخاص في اوروبا وفي مصر :
_bالمجموعة الثانية /
_cعبدالحميد ابوهيف.
264 1 _aالقاهرة :
_b[اسم الناشر غير محدد],
_c1960.
300 _a1227 صفحة ؛
_c24 سم.
336 _2rda content
_atext
337 _2rda media
_aComputer
338 _2rda carrier
_aOnline Resource
504 _aيحتوي على اراجاعات ببليوجرافية
546 _aالنص أغلبه باللغة العربية بعض النصوص الإنجليزية والفرنسية
650 1 4 _aالقانون الدولى الخاص
_zاوربا
_zمصر
_2qrmak
651 1 _2qrmak
856 4 0 _uhttps://fll.law.cu.edu.eg/fulltext/bks/B12-00590.pdf
905 _a75
_eHassnaa
942 _2ddc
_n0
_cBK
_e21
999 _c49778
_d49778